00439nam a2200169Ia 450000500170000000800460001703700120006304000200007504100130009508400220010810000180013024500200014826000570016830000100022536500130023565000210024820250508164429.0008 250505s9999 xx 000 0 hin d aTextual aFEDLbengcFEDL ahin2eng a891.43, SOBqFEDL aSobti Krishna 0aHum hashmat - 1 aNew Delhi, IndiabRajkamal Prakashan Pvt. Ltd.c1999 a271p. aINRb225 aHindi Literature